[Event "CAN-ch University"]
[Site "Ottawa"]
[Date "2018.01.14"]
[Round "4"]
[White "Lin, Tony"]
[Black "Yao, Houji"]
[Result "1/2-1/2"]
[WhiteElo "2251"]
[BlackElo "2096"]
[PlyCount "39"]
[EventDate "2018.01.13"]
[EventType "swiss"]
[EventRounds "5"]
[EventCountry "CAN"]
[SourceTitle "EXT 2022"]
[Source "ChessBase"]
[SourceDate "2021.10.06"]
[SourceVersion "1"]
[SourceVersionDate "2021.10.06"]
[SourceQuality "1"]

1. d4 Nf6 2. c4 g6 3. Nc3 d5 4. Nf3 Bg7 5. Bg5 Ne4 6. cxd5 Nxg5 7. Nxg5 c5 8. dxc5 Na6 9. Qa4+ Qd7 10. Qc4 0-0 11. e4 Qc7 12. Be2 Qxc5 13. 0-0 Bd7 14. Nf3 e6 15. Rfd1 exd5 16. Qxd5 Bc6 17. Qxc5 Nxc5 18. Nd4 Bxe4 19. Nxe4 Nxe4 20. Bf3 1/2-1/2

[Event "CAN-ch University"]
[Site "London"]
[Date "2017.01.14"]
[Round "1"]
[White "Gladstone, Simon"]
[Black "Lin, Tony"]
[Result "1/2-1/2"]
[WhiteElo "2168"]
[BlackElo "2255"]
[PlyCount "81"]
[EventDate "2017.01.14"]
[EventType "swiss"]
[EventRounds "5"]
[EventCountry "CAN"]
[SourceTitle "EXT 2022"]
[Source "ChessBase"]
[SourceDate "2021.10.06"]
[SourceVersion "1"]
[SourceVersionDate "2021.10.06"]
[SourceQuality "1"]

1. e4 e6 2. d4 d5 3. Nd2 Be7 4. Bd3 c5 5. c3 Nc6 6. Ngf3 cxd4 7. cxd4 dxe4 8. Nxe4 Nf6 9. Nxf6+ Bxf6 10. Be3 0-0 11. 0-0 Nb4 12. Be4 Nd5 13. Qb3 b6 14. Bxd5 exd5 15. Rfc1 Qd6 16. Rc3 Bg4 17. Ne1 Rac8 18. Rac1 Rxc3 19. Rxc3 Rc8 20. Nd3 g5 21. Nb4 Rxc3 22. bxc3 Be6 23. Qa4 a5 24. Qc6 Qxc6 25. Nxc6 Kf8 26. Kf1 Ke8 27. Ke2 Kd7 28. Ne5+ Kd6 29. f4 gxf4 30. Bxf4 Bxe5 31. Bxe5+ Kc6 32. Kf3 Kb5 33. Kf4 Kc4 34. Bc7 a4 35. Bxb6 Kxc3 36. Bc5 Kd3 37. a3 f6 38. g4 Kc4 39. g5 fxg5+ 40. Kxg5 Bf7 41. h4 1/2-1/2

[Event "North American-ch U20"]
[Site "Kitchener"]
[Date "2015.07.30"]
[Round "9"]
[White "Lin, Tony"]
[Black "He, Daniel Ming"]
[Result "0-1"]
[WhiteElo "2098"]
[BlackElo "2174"]
[PlyCount "114"]
[EventDate "2015.07.26"]
[EventType "swiss"]
[EventRounds "9"]
[EventCountry "CAN"]
[SourceTitle "EXT 2019"]
[Source "ChessBase"]
[SourceDate "2018.10.10"]
[SourceVersion "1"]
[SourceVersionDate "2018.10.10"]
[SourceQuality "1"]

1. d4 Nf6 2. c4 e6 3. Nc3 Bb4 4. e3 0-0 5. Nge2 c6 6. a3 Ba5 7. b4 Bc7 8. e4 d5 9. e5 Ne8 10. Be3 f6 11. f4 Nd7 12. Ng3 fxe5 13. dxe5 Qh4 14. Qd4 a5 15. Rb1 axb4 16. axb4 Ra3 17. Be2 g5 18. fxg5 Qxd4 19. Bxd4 Nxe5 20. cxd5 exd5 21. Nh5 Bf5 22. Rc1 Nd3+ 23. Bxd3 Bxd3 24. Rd1 Bg6 25. Nf6+ Nxf6 26. gxf6 Bd6 27. 0-0 Bxb4 28. Ne2 Bh5 29. Rf2 Ra2 30. g4 Bxg4 31. Rg2 h5 32. h3 Rxe2 33. hxg4 Rxg2+ 34. Kxg2 hxg4 35. Kg3 Kf7 36. Kxg4 Ke6 37. Rd3 Rg8+ 38. Kf3 Bd6 39. Re3+ Kf7 40. Kf2 c5 41. Bb2 b5 42. Ra3 d4 43. Ra6 Ke6 44. Bc1 Rd8 45. Bf4 Kd5 46. Bxd6 Rxd6 47. f7 Rd8 48. Rf6 Rf8 49. Ke2 Kc4 50. Kd2 b4 51. Kc2 d3+ 52. Kd2 Kb3 53. Kxd3 c4+ 54. Kd4 c3 55. Rf3 Kb2 56. Rf2+ c2 57. Kd3 b3 0-1

[Event "North American-ch U20"]
[Site "Kitchener"]
[Date "2015.07.28"]
[Round "5"]
[White "Lin, Tony"]
[Black "Wu, Christopher"]
[Result "0-1"]
[WhiteElo "2098"]
[BlackElo "2317"]
[PlyCount "96"]
[EventDate "2015.07.26"]
[EventType "swiss"]
[EventRounds "9"]
[EventCountry "CAN"]
[SourceTitle "EXT 2019"]
[Source "ChessBase"]
[SourceDate "2018.10.10"]
[SourceVersion "1"]
[SourceVersionDate "2018.10.10"]
[SourceQuality "1"]

1. d4 Nf6 2. c4 e6 3. Nc3 Bb4 4. e3 0-0 5. Nge2 Re8 6. a3 Bf8 7. d5 d6 8. g3 c6 9. Bg2 exd5 10. cxd5 c5 11. 0-0 Nbd7 12. h3 Rb8 13. a4 b6 14. Rb1 a6 15. b4 cxb4 16. Rxb4 Qc7 17. Kh1 g6 18. Rb1 Bg7 19. Bb2 b5 20. axb5 axb5 21. Ba3 Ba6 22. Bb4 Nc5 23. Re1 Nfe4 24. Nxe4 Nxe4 25. Kg1 Qd7 26. f3 Nc5 27. e4 Rbc8 28. Kh2 f5 29. Nd4 fxe4 30. fxe4 Na4 31. Nc6 Nc3 32. Bxc3 Bxc3 33. Re3 Qg7 34. Bf1 Rf8 35. Kg2 Rc7 36. Be2 Bc8 37. h4 Rcf7 38. Rf3 Rxf3 39. Bxf3 Qd7 40. g4 h5 41. Kg3 hxg4 42. Bxg4 Qf7 43. Bf3 Qf4+ 44. Kg2 Qxh4 45. Qh1 Qg5+ 46. Kh2 Qf4+ 47. Kg1 Qe3+ 48. Kh2 Rxf3 0-1

[Event "Toronto NAYCC U16"]
[Site "Toronto"]
[Date "2013.08.17"]
[Round "7"]
[White "Lin, Tony"]
[Black "Xu, Grant"]
[Result "0-1"]
[WhiteElo "2204"]
[BlackElo "2284"]
[PlyCount "78"]
[EventDate "2013.08.14"]
[EventType "swiss"]
[EventRounds "9"]
[EventCountry "CAN"]
[SourceTitle "EXT 2022"]
[Source "ChessBase"]
[SourceDate "2021.10.06"]
[SourceVersion "1"]
[SourceVersionDate "2021.10.06"]
[SourceQuality "1"]

1. d4 Nf6 2. c4 e6 3. Nc3 Bb4 4. f3 Nh5 5. Nh3 c5 6. e3 f5 7. a3 Bxc3+ 8. bxc3 0-0 9. Bd3 d6 10. Qc2 e5 11. 0-0 Nc6 12. d5 Na5 13. Bd2 g6 14. Be1 f4 15. exf4 Bxh3 16. fxe5 Bf5 17. Bxf5 gxf5 18. e6 Nf4 19. Bd2 Qh4 20. Be1 Qg5 21. h4 Qe7 22. g3 Nh5 23. Qa4 b6 24. Kg2 Qe8 25. Qb5 Qxb5 26. cxb5 Nc4 27. Bf2 Nf6 28. Rfd1 Rfe8 29. Kh3 h5 30. a4 a6 31. a5 axb5 32. axb6 Nxb6 33. Rab1 Nbxd5 34. Rxb5 Nxc3 35. Rxd6 Nxb5 36. Rb6 Nd4 37. Bxd4 cxd4 38. Rb5 Rxe6 39. Rxf5 Ra2 0-1

[Event "Toronto NAYCC U16"]
[Site "Toronto"]
[Date "2013.08.15"]
[Round "2"]
[White "Lin, Tony"]
[Black "Mattekatt, Joe"]
[Result "1-0"]
[WhiteElo "2204"]
[BlackElo "871"]
[PlyCount "109"]
[EventDate "2013.08.14"]
[EventType "swiss"]
[EventRounds "9"]
[EventCountry "CAN"]
[SourceTitle "EXT 2022"]
[Source "ChessBase"]
[SourceDate "2021.10.06"]
[SourceVersion "1"]
[SourceVersionDate "2021.10.06"]
[SourceQuality "1"]

1. d4 d5 2. c4 e6 3. Nc3 Nc6 4. Nf3 Nf6 5. Bg5 Be7 6. e3 0-0 7. Bd3 dxc4 8. Bxc4 b6 9. 0-0 Bb7 10. Rc1 Rc8 11. Qe2 a5 12. Rfd1 Nd5 13. Bxe7 Ncxe7 14. e4 Nf6 15. h3 h6 16. a3 c6 17. a4 Ng6 18. Qe3 Re8 19. b3 Qc7 20. e5 Nd5 21. Nxd5 exd5 22. Bxd5 Qd7 23. Be4 b5 24. Bxg6 fxg6 25. Rc5 bxa4 26. bxa4 Ra8 27. Rb1 Ra7 28. Qc3 Rea8 29. Rc1 Kh7 30. Rd1 Qe6 31. Qc4 Qxc4 32. Rxc4 Re8 33. Nd2 Ra6 34. Rb1 Re7 35. Ne4 Bc8 36. Nc5 Be6 37. Rc3 Ra8 38. Nxe6 Rxe6 39. Rbc1 Rd8 40. Rc4 g5 41. Kf1 g6 42. Ke2 c5 43. Rxc5 Rxd4 44. Rxa5 Re4+ 45. Kd3 R4xe5 46. Rxe5 Rxe5 47. Ra1 Kg7 48. a5 Re8 49. a6 Rd8+ 50. Kc4 Rc8+ 51. Kb5 Rb8+ 52. Kc6 Rb2 53. a7 Rc2+ 54. Kd5 Re2 55. a8Q 1-0

[Event "Toronto NAYCC U16"]
[Site "Toronto"]
[Date "2013.08.15"]
[Round "3"]
[White "Velikanov, Alexander"]
[Black "Lin, Tony"]
[Result "1/2-1/2"]
[WhiteElo "2332"]
[BlackElo "2204"]
[PlyCount "35"]
[EventDate "2013.08.14"]
[EventType "swiss"]
[EventRounds "9"]
[EventCountry "CAN"]
[SourceTitle "EXT 2022"]
[Source "ChessBase"]
[SourceDate "2021.10.06"]
[SourceVersion "1"]
[SourceVersionDate "2021.10.06"]
[SourceQuality "1"]

1. d4 Nf6 2. c4 g6 3. Nf3 d5 4. g3 Bg7 5. Bg2 dxc4 6. 0-0 c6 7. a4 0-0 8. Na3 Na6 9. Nxc4 Be6 10. b3 Bd5 11. Bb2 Rc8 12. Rc1 c5 13. e3 cxd4 14. Nxd4 Bxg2 15. Kxg2 Nc5 16. f3 Nd5 17. Qe2 e6 18. Rcd1 1/2-1/2

[Event "Scarborough CC Jack Frost"]
[Site "Toronto"]
[Date "2012.01.19"]
[Round "3"]
[White "Lin, Tony"]
[Black "Ugodnikov, Arkadiy"]
[Result "1-0"]
[WhiteElo "2052"]
[BlackElo "1820"]
[PlyCount "43"]
[EventDate "2012.01.05"]
[EventType "swiss"]
[EventRounds "6"]
[EventCountry "CAN"]
[SourceTitle "EXT 2022"]
[Source "ChessBase"]
[SourceDate "2021.10.06"]
[SourceVersion "1"]
[SourceVersionDate "2021.10.06"]
[SourceQuality "1"]

1. d4 Nf6 2. Nf3 g6 3. Nc3 d5 4. Bf4 Bg7 5. e3 0-0 6. Be2 b6 7. Ne5 Bb7 8. h4 Nbd7 9. h5 Nxe5 10. Bxe5 c5 11. hxg6 fxg6 12. g4 cxd4 13. exd4 e6 14. Qd3 Rf7 15. Qh3 Bf8 16. g5 Ne4 17. Nxe4 dxe4 18. Qxe6 Bd5 19. Rxh7 Kxh7 20. Qh3+ Bh6 21. Qxh6+ Kg8 22. Qh8# 1-0

[Event "Scarborough CC Jack Frost"]
[Site "Toronto"]
[Date "2012.01.12"]
[Round "2"]
[White "Lin, Tony"]
[Black "Zhang, John"]
[Result "1-0"]
[WhiteElo "2052"]
[BlackElo "1767"]
[PlyCount "77"]
[EventDate "2012.01.05"]
[EventType "swiss"]
[EventRounds "6"]
[EventCountry "CAN"]
[SourceTitle "EXT 2022"]
[Source "ChessBase"]
[SourceDate "2021.10.06"]
[SourceVersion "1"]
[SourceVersionDate "2021.10.06"]
[SourceQuality "1"]

1. d4 Nf6 2. Nf3 g6 3. Nc3 Bg7 4. e4 d6 5. Be3 0-0 6. Qd2 Nbd7 7. Bh6 e5 8. 0-0-0 Qe7 9. d5 Nc5 10. Re1 a5 11. h4 Bg4 12. Ng1 Nh5 13. f3 Bd7 14. g4 Bxh6 15. Qxh6 Nf4 16. Nh3 Qf6 17. Nxf4 Qxf4+ 18. Qxf4 exf4 19. Rg1 c6 20. Rd1 h6 21. dxc6 Bxc6 22. Rxd6 Rad8 23. Rxd8 Rxd8 24. Bc4 Ne6 25. Nd5 Bxd5 26. Bxd5 b5 27. Rd1 Kf8 28. Bxe6 Rxd1+ 29. Kxd1 fxe6 30. Kd2 e5 31. Kc3 Ke7 32. a4 Kd6 33. axb5 Kc5 34. b6 Kxb6 35. Kc4 Kc6 36. b3 g5 37. h5 Kb6 38. Kd5 Kb5 39. c3 1-0

[Event "Canadian op 48th"]
[Site "Toronto"]
[Date "2011.07.14"]
[Round "6"]
[White "Southam, David"]
[Black "Lin, Tony"]
[Result "1/2-1/2"]
[WhiteElo "2124"]
[BlackElo "2023"]
[PlyCount "56"]
[EventDate "2011.07.09"]
[EventType "swiss"]
[EventRounds "9"]
[EventCountry "CAN"]
[SourceTitle "EXT 2022"]
[Source "ChessBase"]
[SourceDate "2021.10.06"]
[SourceVersion "1"]
[SourceVersionDate "2021.10.06"]
[SourceQuality "1"]

1. d4 Nf6 2. c4 g6 3. Nc3 d5 4. cxd5 Nxd5 5. e4 Nxc3 6. bxc3 Bg7 7. Nf3 c5 8. Be3 Qa5 9. Qd2 Bg4 10. Rc1 Bxf3 11. gxf3 e6 12. d5 exd5 13. exd5 Nd7 14. c4 Qb6 15. Be2 0-0 16. 0-0 Rfe8 17. f4 Qd6 18. Rb1 b6 19. a4 f5 20. Bf3 Nf6 21. a5 Ne4 22. Qc1 Re7 23. Qa3 Rb8 24. Rb3 Bh6 25. Qc1 Ree8 26. Bg2 Nf6 27. Bf3 Ne4 28. Bg2 Nf6 1/2-1/2

[Event "Canadian op 48th"]
[Site "Toronto"]
[Date "2011.07.13"]
[Round "5"]
[White "Lin, Tony"]
[Black "Gulati, Ashish"]
[Result "1/2-1/2"]
[WhiteElo "2023"]
[BlackElo "2210"]
[PlyCount "77"]
[EventDate "2011.07.09"]
[EventType "swiss"]
[EventRounds "9"]
[EventCountry "CAN"]
[SourceTitle "EXT 2022"]
[Source "ChessBase"]
[SourceDate "2021.10.06"]
[SourceVersion "1"]
[SourceVersionDate "2021.10.06"]
[SourceQuality "1"]

1. d4 g6 2. e4 Bg7 3. Nc3 d6 4. Be3 Nf6 5. f3 Nbd7 6. Qd2 e5 7. d5 a6 8. a4 0-0 9. Nge2 Ne8 10. h4 f5 11. Bg5 Bf6 12. Bxf6 Nexf6 13. exf5 gxf5 14. Ng3 f4 15. Nge4 Nxe4 16. Nxe4 Nf6 17. Bd3 Nxe4 18. Bxe4 Bf5 19. Qb4 Qd7 20. 0-0-0 Bxe4 21. Qxe4 Kh8 22. Rhg1 b5 23. a5 Qf5 24. Rd3 Qxe4 25. fxe4 Rg8 26. Rc3 Raf8 27. Rf3 Rg4 28. Kd1 Rfg8 29. Ke1 b4 30. Kf2 Rg3 31. Rxg3 Rxg3 32. Rd1 Kg7 33. Rd3 Rxd3 34. cxd3 Kf6 35. Kf3 h5 36. Ke2 Ke7 37. Kd2 Kd7 38. Kc2 c5 39. b3 1/2-1/2

[Event "Scarborough CC-ch Reserves"]
[Site "Toronto"]
[Date "2011.04.21"]
[Round "9"]
[White "Wiebe, Daniel"]
[Black "Lin, Tony"]
[Result "0-1"]
[WhiteElo "1936"]
[BlackElo "1936"]
[PlyCount "101"]
[EventDate "2011.02.24"]
[EventType "swiss"]
[EventRounds "9"]
[EventCountry "CAN"]
[SourceTitle "EXT 2022"]
[Source "ChessBase"]
[SourceDate "2021.10.06"]
[SourceVersion "1"]
[SourceVersionDate "2021.10.06"]
[SourceQuality "1"]

1. e4 d5 2. exd5 Qxd5 3. Nc3 Qd6 4. d4 Nf6 5. Bc4 a6 6. Nf3 e6 7. Bg5 Be7 8. Qd2 Nbd7 9. Bb3 b5 10. 0-0 Bb7 11. Bf4 Qb6 12. d5 0-0-0 13. dxe6 Nc5 14. Qe2 Bxf3 15. Qxf3 Nxe6 16. Bxe6+ fxe6 17. Rfe1 Rhe8 18. Qa8+ Kd7 19. Rad1+ Bd6 20. Qf3 Kc8 21. Be3 Qb7 22. Qh3 Kb8 23. Bg5 Qc8 24. a4 b4 25. Bxf6 gxf6 26. Ne4 Be5 27. Qb3 Qb7 28. Rxd8+ Rxd8 29. Qxe6 Qxe4 30. Kf1 Qxc2 31. Qxa6 Qd3+ 32. Qxd3 Rxd3 33. Re4 Rb3 34. Rh4 Rxb2 35. Rxh7 b3 36. Rh4 Rb1+ 37. Ke2 b2 38. Rb4+ Ka7 39. f4 Bc3 40. Rb3 Re1+ 41. Kd3 b1Q+ 42. Rxb1 Rxb1 43. Kxc3 Rh1 44. h3 Rh2 45. Kd4 Rxg2 46. Ke4 Rh2 47. Kf5 Rxh3 48. Kxf6 Ra3 49. Ke6 Rxa4 50. f5 Rf4 51. Ke5 0-1

[Event "Scarborough CC-ch Reserves"]
[Site "Toronto"]
[Date "2011.04.14"]
[Round "8"]
[White "Sharpe, Sam"]
[Black "Lin, Tony"]
[Result "1/2-1/2"]
[WhiteElo "1909"]
[BlackElo "1936"]
[PlyCount "56"]
[EventDate "2011.02.24"]
[EventType "swiss"]
[EventRounds "9"]
[EventCountry "CAN"]
[SourceTitle "EXT 2022"]
[Source "ChessBase"]
[SourceDate "2021.10.06"]
[SourceVersion "1"]
[SourceVersionDate "2021.10.06"]
[SourceQuality "1"]

1. Nf3 c5 2. g3 Nc6 3. Bg2 g6 4. 0-0 Bg7 5. c4 e5 6. Nc3 Nge7 7. a3 0-0 8. Rb1 a5 9. d3 d6 10. e4 h6 11. Bd2 f5 12. Nd5 Nxd5 13. exd5 Nd4 14. b4 axb4 15. axb4 b6 16. Nxd4 cxd4 17. f4 Re8 18. Qc2 Bd7 19. b5 Ra7 20. Bb4 Qf6 21. Rbe1 Rea8 22. fxe5 dxe5 23. d6 Ra2 24. Qb3 R8a4 25. Bd5+ Kh7 26. Rf2 Ra1 27. Rff1 R1a2 28. Rf2 Ra1 1/2-1/2

[Event "Scarborough CC-ch Reserves"]
[Site "Toronto"]
[Date "2011.03.10"]
[Round "3"]
[White "Lin, Tony"]
[Black "Ferreira, Alex"]
[Result "1-0"]
[WhiteElo "1936"]
[BlackElo "2081"]
[PlyCount "120"]
[EventDate "2011.02.24"]
[EventType "swiss"]
[EventRounds "9"]
[EventCountry "CAN"]
[SourceTitle "EXT 2022"]
[Source "ChessBase"]
[SourceDate "2021.10.06"]
[SourceVersion "1"]
[SourceVersionDate "2021.10.06"]
[SourceQuality "1"]

1. e4 e5 2. Nf3 Nc6 3. Bb5 Nf6 4. 0-0 Nxe4 5. d4 Nd6 6. Bxc6 dxc6 7. dxe5 Nf5 8. Qxd8+ Kxd8 9. Nc3 Ke8 10. h3 Be7 11. b3 Nh4 12. Nxh4 Bxh4 13. Bb2 h5 14. Rad1 Bf5 15. Rd2 Rd8 16. Rfd1 Rxd2 17. Rxd2 Bg5 18. Re2 b6 19. Ne4 Be7 20. f4 Kd7 21. Ng3 Ke6 22. Nxf5 Kxf5 23. g3 Rd8 24. Kg2 Rd1 25. Kf3 Rf1+ 26. Kg2 Rb1 27. Bd4 Rd1 28. Bf2 h4 29. g4+ Ke6 30. f5+ Kd7 31. Kf3 Bg5 32. Be3 Bxe3 33. Rxe3 Rh1 34. Kg2 Ra1 35. a4 Rc1 36. Re2 Rd1 37. g5 Ke8 38. Kf3 Rg1 39. Rg2 Rf1+ 40. Kg4 Re1 41. Kxh4 Rxe5 42. Kg4 c5 43. Kf4 Rd5 44. Re2+ Kf8 45. h4 Rd4+ 46. Re4 Rd2 47. Rc4 Ke7 48. Re4+ Kf8 49. c3 Rc2 50. Rc4 Ke7 51. Re4+ Kd7 52. Re3 Rd2 53. h5 Rh2 54. Kg4 Rg2+ 55. Rg3 Rb2 56. h6 gxh6 57. gxh6 Re2 58. h7 Re8 59. Kh5 Re2 60. Kh6 Rh2+ 1-0

[Event "Scarborough CC Falling Leaves"]
[Site "Toronto"]
[Date "2010.11.25"]
[Round "5"]
[White "Lin, Tony"]
[Black "Sharpe, Sam"]
[Result "1/2-1/2"]
[WhiteElo "1925"]
[BlackElo "1988"]
[PlyCount "49"]
[EventDate "2010.10.28"]
[EventType "swiss"]
[EventRounds "7"]
[EventCountry "CAN"]
[SourceTitle "EXT 2022"]
[Source "ChessBase"]
[SourceDate "2021.10.06"]
[SourceVersion "1"]
[SourceVersionDate "2021.10.06"]
[SourceQuality "1"]

1. e4 e6 2. d4 d5 3. Nc3 Nf6 4. Bg5 Be7 5. e5 Nfd7 6. h4 c5 7. Bxe7 Qxe7 8. Nb5 0-0 9. Nc7 Nxe5 10. Nxa8 cxd4 11. Qxd4 Nbc6 12. Qd2 Qd6 13. Bd3 Bd7 14. Nh3 Nxd3+ 15. Qxd3 Ne5 16. Qa3 Qxa3 17. bxa3 Rxa8 18. Nf4 Rc8 19. Rb1 b6 20. Nd3 Nc4 21. Rb3 Na5 22. Rb2 Nc4 23. Rb3 Na5 24. Rb2 Nc4 25. Rb3 1/2-1/2

[Event "Scarborough CC Falling Leaves"]
[Site "Toronto"]
[Date "2010.11.18"]
[Round "4"]
[White "Ferreira, Alex"]
[Black "Lin, Tony"]
[Result "1-0"]
[WhiteElo "2087"]
[BlackElo "1925"]
[PlyCount "59"]
[EventDate "2010.10.28"]
[EventType "swiss"]
[EventRounds "7"]
[EventCountry "CAN"]
[SourceTitle "EXT 2022"]
[Source "ChessBase"]
[SourceDate "2021.10.06"]
[SourceVersion "1"]
[SourceVersionDate "2021.10.06"]
[SourceQuality "1"]

1. e4 c5 2. Nf3 d6 3. d4 cxd4 4. Nxd4 Nf6 5. Nc3 Nc6 6. Bc4 e6 7. 0-0 Be7 8. Kh1 a6 9. a4 0-0 10. Be3 Ne5 11. Bb3 Neg4 12. Bg5 h6 13. Bh4 Qc7 14. Qe2 b6 15. f4 h5 16. h3 Nh6 17. e5 dxe5 18. fxe5 Nh7 19. Bxe7 Qxe7 20. Qxh5 Qc5 21. Rad1 Nf5 22. Nxf5 exf5 23. Nd5 Be6 24. Rf4 g5 25. Rc4 Qxd5 26. Rxd5 Bxd5 27. Rc7 Bxb3 28. cxb3 Rae8 29. Rc6 Rxe5 30. Rh6 1-0

[Event "Scarborough CC LH Summer op"]
[Site "Toronto"]
[Date "2010.06.17"]
[Round "7"]
[White "Southam, David"]
[Black "Lin, Tony"]
[Result "1-0"]
[WhiteElo "2119"]
[BlackElo "1780"]
[PlyCount "69"]
[EventDate "2010.04.29"]
[EventType "swiss"]
[EventRounds "8"]
[EventCountry "CAN"]
[SourceTitle "EXT 2022"]
[Source "ChessBase"]
[SourceDate "2021.10.06"]
[SourceVersion "1"]
[SourceVersionDate "2021.10.06"]
[SourceQuality "1"]

1. d4 Nf6 2. c4 g6 3. Nc3 d5 4. cxd5 Nxd5 5. e4 Nxc3 6. bxc3 Bg7 7. Nf3 c5 8. Be3 0-0 9. Rc1 Bg4 10. Be2 Qa5 11. Qd2 Nc6 12. d5 Rfd8 13. c4 Qxd2+ 14. Nxd2 Bxe2 15. Kxe2 Nd4+ 16. Kd3 Rac8 17. Nb3 Nxb3 18. axb3 Rd6 19. Rc2 Ra6 20. f4 Ra5 21. Rb1 b5 22. cxb5 Rxb5 23. b4 a5 24. Rxc5 Rbxc5 25. bxc5 a4 26. Bd4 a3 27. e5 f6 28. exf6 Bxf6 29. Bxf6 exf6 30. Kc4 Re8 31. Ra1 Re2 32. Rxa3 Rxg2 33. c6 Re2 34. c7 Re8 35. d6 1-0

[Event "Scarborough CC LH Summer op"]
[Site "Toronto"]
[Date "2010.06.03"]
[Round "5"]
[White "Casareno, Erwin"]
[Black "Lin, Tony"]
[Result "0-1"]
[WhiteElo "2156"]
[BlackElo "1780"]
[PlyCount "120"]
[EventDate "2010.04.29"]
[EventType "swiss"]
[EventRounds "8"]
[EventCountry "CAN"]
[SourceTitle "EXT 2022"]
[Source "ChessBase"]
[SourceDate "2021.10.06"]
[SourceVersion "1"]
[SourceVersionDate "2021.10.06"]
[SourceQuality "1"]

1. e4 c5 2. Nf3 d6 3. d4 cxd4 4. Nxd4 Nf6 5. Nc3 Nc6 6. Bc4 e6 7. 0-0 a6 8. Be3 Be7 9. f4 Nxd4 10. Bxd4 b5 11. Bd3 Bb7 12. Qf3 0-0 13. Rad1 Qc7 14. Qh3 e5 15. fxe5 dxe5 16. Nd5 Bxd5 17. exd5 e4 18. Rxf6 Bxf6 19. Bxf6 Qb6+ 20. Kh1 Qxf6 21. Bxe4 g6 22. b3 b4 23. Qd3 Qd6 24. c4 bxc3 25. Qxc3 Rfe8 26. Bf3 Qe5 27. Qxe5 Rxe5 28. Kg1 Rc8 29. d6 Rd8 30. Bd5 Kf8 31. Bb7 Re6 32. d7 Ke7 33. Bc8 Re2 34. a4 Re3 35. b4 Re4 36. Rb1 Re5 37. Kf2 Kd6 38. Kf3 f5 39. b5 axb5 40. axb5 Kc7 41. b6+ Kb8 42. b7 Re4 43. Ra1 Rb4 44. Re1 g5 45. Re5 Rf4+ 46. Kg3 h5 47. h3 h4+ 48. Kh2 g4 49. hxg4 fxg4 50. Ra5 Rb4 51. Rh5 h3 52. gxh3 gxh3 53. Kxh3 Rg8 54. Rd5 Rb1 55. Kh2 Rb6 56. d8Q Rh6+ 57. Bh3+ Rxd8 58. Rxd8+ Kxb7 59. Kg3 Rf6 60. Bg4 Kc7 0-1

[Event "Scarborough CC LH Summer op"]
[Site "Toronto"]
[Date "2010.05.27"]
[Round "4"]
[White "Lin, Tony"]
[Black "Graham, John"]
[Result "1-0"]
[WhiteElo "1780"]
[BlackElo "1483"]
[PlyCount "47"]
[EventDate "2010.04.29"]
[EventType "swiss"]
[EventRounds "8"]
[EventCountry "CAN"]
[SourceTitle "EXT 2022"]
[Source "ChessBase"]
[SourceDate "2021.10.06"]
[SourceVersion "1"]
[SourceVersionDate "2021.10.06"]
[SourceQuality "1"]

1. e4 e5 2. Nf3 Nc6 3. Bb5 d6 4. d4 Bd7 5. 0-0 exd4 6. Bxc6 bxc6 7. Qxd4 c5 8. Qd3 a6 9. Nc3 f6 10. h3 Ne7 11. Bf4 Ng6 12. Bg3 Qc8 13. Rae1 Ne5 14. Nxe5 fxe5 15. f4 exf4 16. Rxf4 g6 17. e5 Kd8 18. Bh4+ Be7 19. Bxe7+ Kxe7 20. exd6+ Kd8 21. Qe3 cxd6 22. Nd5 Qb7 23. Qe7+ Kc8 24. Rf8+ 1-0